000 00683nam a2200217 a 4500
005 20240228063915.0
008 080305s2006 mx r 000 0 spa d
020 _a9803950045
035 _aUPN01000154756
049 _aI
050 4 _aPZ71
_bG3.3
100 1 _aGarcía Alvarez, Pablo Emilio
_938405
245 1 0 _aHuesito el explorador /
_cPablo Emilio García Álvarez ; il. Juan C. Hernández.
260 _aColombia :
_bEl Nacional,
_c2006.
300 _a31 p. :
_bil. col.
440 0 _aBrújula de papel.
_pCiencias sociales ;
_v31
650 4 _aLibros y lectura para niños
_92290
650 2 _aGeología
_99682
700 1 _aHernández, Juan C.
_eil.
905 _aInfantil
999 _c126872
_d126872